Guía de materiales plásticos : propiedades, ensayos, parámetros /
Guardado en:
| Autor Principal: | |
|---|---|
| Otros Autores: | , , |
| Formato: | Libro |
| Idioma: | Undetermined Spanish German |
| Publicado: |
Barcelona :
Hanser,
c1989.
|
| Edición: | 1ª ed. española. |
| Materias: | |
| Etiquetas: |
Agregar Etiqueta
Sin Etiquetas, Sea el primero en etiquetar este registro!
|
| LEADER | 01161nam a22003015a 4500 | ||
|---|---|---|---|
| 001 | EIQ.libpla002445 | ||
| 008 | 070613s1989####sp#######b####001#0#und#d | ||
| 005 | 20070613195517.0 | ||
| 245 | 1 | 0 | |a Guía de materiales plásticos : |b propiedades, ensayos, parámetros / |c Hellerich, Harsch, Haenle ; [traducción a cargo de Ramón Ribalta Ribalta]. |
| 250 | |a 1ª ed. española. | ||
| 260 | |a Barcelona : |b Hanser, |c c1989. | ||
| 300 | |a XIII, 426 p. : |b grafics., tablas ; |c 22 cm. | ||
| 500 | |a Traducción de: Werkstoff-Führer Kunststoffe. 5. Aufl. | ||
| 500 | |a "Con 129 gráficas, 62 diagramas, 4 cuadros sinópticos y numerosas tablas". | ||
| 504 | |a Bibliografía: p. 403-404. | ||
| 500 | |a Incluye índice. | ||
| 020 | |a 8487454011 | ||
| 100 | 1 | |a Hellerich, Walter. | |
| 700 | 1 | |a Harsch, Günther. | |
| 700 | 1 | |a Haenle, Siegfried. | |
| 700 | 1 | |a Ribalta Ribalta, Ramón, |e tr. |4 trl | |
| 650 | 4 | |a Plásticos |x Propiedades. | |
| 650 | 4 | |a Plásticos |x Propiedades. | |
| 650 | 4 | |a Materiales plásticos |x Guía. | |
| 650 | 4 | |a Plastics |x Propiedades. | |
| 650 | 4 | |a Plastics materials |x Guide. | |
| 041 | 1 | |a spa |h ger | |
| 859 | |a AR-BbSID |b BIB. PLAPIQUI |h 668.404 1 |i H 34 |p 4353 | ||
